| 000 | 00439nam a2200157 i 4500 | ||
|---|---|---|---|
| 001 | 150030 | ||
| 003 | ES-MaACL | ||
| 005 | 20230906203342.0 | ||
| 007 | t| | ||
| 008 | 071025s1960 sp ||||1| cat d | ||
| 100 | 1 |
_aVallverdĂș, Josep. _9112965 |
|
| 245 | 1 | 0 |
_aFesta major, seguit de Els al-lucinats / _cJosep VallverdĂș. |
| 260 |
_aBarcelona : _bAlberti, _c[1960] |
||
| 300 |
_a148 p. ; _c14 cm. |
||
| 852 |
_aES-MaACL _jD-6243 _bR.47412 |
||
| 999 |
_c150030 _d150030 |
||